Una meditación sobre la juventud y la cultura

Uloženo v:
Podrobná bibliografie
Hlavní autor: Martínez Moreno, Carlos
Korporativní autor: CEPAL
Médium: Text
Vydáno: Santiago: CEPAL
Tagy: Přidat tag
Žádné tagy, Buďte první, kdo vytvoří štítek k tomuto záznamu!

MARC

LEADER 00000 a a2200000 04500
001 24110
003
040
090 |a 171300  
100 |a Martínez Moreno, Carlos  
110 |a CEPAL  
245 |a Una meditación sobre la juventud y la cultura  
260 |a Santiago:   |b CEPAL  
300 |a 40 p  
999 |c 8272  |d 8272